[Event "Santa Maria op 3rd"]
[Site "Santa Maria de Jetiba"]
[Date "2023.04.22"]
[Round "3"]
[White "Zimmermann, Kleber Renato P"]
[Black "Magalhaes, Cleberson Tolentino"]
[Result "1-0"]
[WhiteElo "1870"]
[BlackElo "1800"]
[PlyCount "55"]
[EventDate "2023.04.21"]
[EventType "swiss"]
[EventRounds "7"]
[EventCountry "BRA"]
[SourceTitle "EXT 2024"]
[Source "ChessBase"]
[SourceDate "2023.10.10"]
[SourceVersion "1"]
[SourceVersionDate "2023.10.10"]
[SourceQuality "1"]

1. d4 Nf6 2. c4 e6 3. Nf3 d5 4. Nc3 c6 5. e3 Bd6 6. Bd3 0-0 7. 0-0 dxc4 8. Bxc4 b5 9. Bd3 Bb7 10. e4 Be7 11. e5 Nd5 12. Ne4 Nd7 13. Qe2 a6 14. Bg5 Bxg5 15. Nexg5 h6 16. Qe4 g6 17. Nxf7 Rxf7 18. Qxg6+ Rg7 19. Qxe6+ Kf8 20. Qxh6 Qe7 21. h4 Ke8 22. Ng5 Nf8 23. f4 Kd8 24. f5 Rf7 25. f6 Nxf6 26. Nxf7+ Kc7 27. Qxf6 Qe8 28. Qd6+ 1-0